Statistics for General Knowledge

Click here to take the quiz!

General Stats

  • This quiz has been taken 119 times
    (87 since last reset)
  • The average score is 9 of 22

Answer Stats

HintAnswer% Correct
What is the highest mountain in the world?Mount Everest
100%
Gelato means Ice Cream in which language?Italian
83%
What country had the biggest population in 2012?China
75%
What country is the Mona Lisa held?France
75%
Which planet is the closest to the sun?Mercury
73%
The longest river in the world?Nile
72%
What is the largest desert?The Sahara Desert
72%
What currency do the Japanese use?Japanese Yen
61%
Which American state is the largest?Alaska
56%
Who invented the telephone?Alexander Graham Bell
56%
What is the capital city of Belarus?Minsk
39%
What is a horse crossed with a donkey called?Mule
37%
How many countries are there in the world?196
34%
What is the nearest galaxy to the Solar System?Andromeda
28%
What is the third major Balearic Island with Majorca and Minorca?Ibiza
24%
How many main bones are in the hand and arm?30
18%
In which city was Martin Luther King assassinated in 1968?Memphis
14%
How high is a basketball hoop?10 Feet
13%
Who wrote Gone with the WindMargaret Mitchell
10%
What is the largest island in the world? (excluding Australia and Greenland)New Guinea
8%
What year was gravity discovered?1665
0%
Who was the first US Black President?Barack Obama
0%

Score Distribution

Percentile by Number Answered

Percent of People with Each Score

Your Score History

You have not taken this quiz since the last reset